| 000 | 00870nam a22003250a 4500 | ||
|---|---|---|---|
| 001 | PT34954 | ||
| 003 | AR-LpoUNG | ||
| 005 | 20210131230230.0 | ||
| 008 | 191001s1977||||uy |||||||||||||||||spa d | ||
| 040 |
_aAR-LpoUNG _bspa _cAR-LpoUNG _eaacr |
||
| 041 | _aspa | ||
| 044 | _auy | ||
| 082 | 0 | _aR003.5 381peq | |
| 100 | 1 | _aPékelis, V. | |
| 245 | 1 | 0 |
_aPequeña enciclopedia de la gran cibernética : _bla cibernética de la A hasta la Z |
| 250 | _a1§ edición | ||
| 260 |
_aMoscú : _bMir, _c1977. |
||
| 300 |
_a422 p. : _bil. |
||
| 650 | 4 | _aCIBERNETICA | |
| 650 | 4 | _aCIENCIA | |
| 650 | 4 | _aCOMPUTADORAS | |
| 650 | 4 | _aENCICLOPEDIAS | |
| 650 | 4 | _aMATEMATICAS | |
| 650 | 4 | _aMATERIAL DE REFERENCIA | |
| 650 | 4 | _aTECNOLOGIA | |
| 651 | 4 | _aDOCUMENTOS TEORICOS O METODOLOGICOS | |
| 700 | 1 |
_aRozhdéstvenskaya, G. V. _etr. |
|
| 905 | _a34954 | ||
| 942 | _cLSALA | ||
| 999 |
_c2266 _d2266 |
||